Central Library OPAC University of Rajshahi
Normal view MARC view

Entry Personal Name

Number of records used in: 2

001 - CONTROL NUMBER

  • control field: 11555

003 - CONTROL NUMBER IDENTIFIER

  • control field: BD-RjUL

005 - DATE AND TIME OF LATEST TRANSACTION

  • control field: 20240207163334.0

008 - FIXED-LENGTH DATA ELEMENTS

  • fixed length control field: 240207|| aca||aabn | a|a d

040 ## - CATALOGING SOURCE

  • Original cataloging agency: BD-RjUL
  • Transcribing agency: BD-RjUL

100 ## - HEADING--PERSONAL NAME

  • Personal name: খান, এম. শামীম, প্রিন্সিপ্যাল সুপারভাইজার

670 ## - SOURCE DATA FOUND

  • Source citation: Work cat.: (BD-RjUL)83004: শফিউল্লাহ, মো. 11554, ফেরদৌসীর শাহনামা : , ২০১০